| 000 | 02717ncm0a22004571 4500 | ||
|---|---|---|---|
| 001 | RU\NLR\ONIZ\195971 | ||
| 005 | 20250614044329.0 | ||
| 035 | _aRU\NLR\ONIZ\lanatalya\5000001468\20130429195971 | ||
| 035 | _a(NLR Aleph) 010403767 | ||
| 071 | 2 | 0 | _aс 3889 к |
| 090 |
_a9720045 _c9720045 |
||
| 100 | _a20130427d2003 |||y0rusy50 ca | ||
| 101 | 0 |
_aeng _arus |
|
| 102 | _aRU | ||
| 145 | 0 | _ab | |
| 200 | 1 |
_aДве пьесы _bНоты _dTwo pieces _eдля тромбона и фп. _zeng _fГ. Окунев _gавт. предисл. С. Сигитов |
|
| 210 |
_aСанкт-Петербург _cКомпозитор - Санкт-Петербург _d2003 |
||
| 215 |
_a11 с., 1 парт. (3 с.) _d30 см |
||
| 300 | _aИзд. с дарств. надписью жены композитора Г. Окуневой | ||
| 300 | _aПеред. нот. текстом каждой пьесы: Виктору Венгловскому | ||
| 313 | _aСистематизация документа проведена по изданию - Методика классифицирования музыкальных произведений (нотных изданий) по таблицам Библиотечно-библиографических классификаций : метод. рекомендации / Гос. б-ка СССР им. В.И. Ленина.- М., 1977. Индексу ББК методических рекомендаций присваивается код ББК для научных библиотек - LBC/SL | ||
| 327 | 1 |
_a1. Скерцо = Scherzo; _a2. Адажио = Adagio |
|
| 464 | 0 |
_12001#$aАдажио$dAdagio$zeng _1215##$aС.8-11 _tАдажио |
|
| 464 | 0 |
_12001#$aСкерцо$dScherzo$zeng _1215##$aС.2-8 _tСкерцо |
|
| 686 |
_aЩ957.32-42-058(2Р=Р)я44 _vLBC/SL _2rubbk |
||
| 700 | 1 |
_9z03790 _aОкунев _bГ.Г. _f1931-1973 _gГерман Григорьевич _4230 |
|
| 702 | 1 |
_9z08790 _aОкунева _bГ.С. _gГалина Сергеевна _4450 |
|
| 702 | 1 |
_9z09790 _aСигитов _bС. М. _f1940- _gСергей Михайлович _4080 |
|
| 702 | 1 |
_9z10790 _aВенгловский _bВ.Ф. _cтромбон _f1926-1994 _gВиктор Федорович _4280 |
|
| 790 | 1 |
_9z03700 _aOkunev _bG.G. _f1931-1973 _gGerman Grigorievich _4230 |
|
| 790 | 1 |
_9z08702 _aOkuneva _bG.S. _gGalina Sergeevna _4450 |
|
| 790 | 1 |
_9z09702 _aSigitov _bS. M. _f1940- _gSergey Mikhaylovich _4080 |
|
| 790 | 1 |
_9z10702 _aVenglovsky _bV. _f1926-1994 _gVictor _4280 |
|
| 801 | 0 |
_aRU _bNLR _c20130427 _gPSBO |
|
| 801 | 1 |
_aRU _bNLR _c20130427 _2rusmarc |
|
| 801 | 2 |
_aRU _bNLR _c20160829 |
|
| 852 |
_aNLR _bМ _j986/441 _p277674 _t1 |
||
| 942 | _cSCORE | ||
| 980 | _aNB | ||
| 980 | _aONIZ | ||